000 00477nam a2200181Ia 4500
005 20250508161647.0
008 008 250505s9999 xx 000 0 eng d
037 _aTextual
040 _aFEDL
_beng
_cFEDL
041 _aeng
_2eng
084 _a821, BAR
_qFEDL
100 _aBarnstone Willis
245 0 _aModern European poetry
260 _aToronto, Canada
_bBantam Books
_c1970
300 _a605p.
942 _cTEXL
_h821, BAR
999 _c1371397
_d1371397